[Event "SVK Cup"]
[Site "Martin"]
[Date "2003.??.??"]
[Round "5"]
[White "Ftacnik, Lubomir"]
[Black "Babula, Vlastimil"]
[Result "1/2-1/2"]
[WhiteElo "2611"]
[BlackElo "2560"]
[PlyCount "80"]
[EventDate "2003.04.??"]
[Source "Roberto Alvarez"]
[SourceDate "2003.06.03"]

1. d4 Nf6 2. Nf3 d5 3. c4 c6 4. Nc3 dxc4 5. a4 Bf5 6. Nh4 e6 7. Nxf5 exf5 8. e3 Bb4 9. Bxc4 O-O 10. O-O Nbd7 11. Qc2 g6 12. f3 Rc8 13. Ba2 c5 14. Kh1 Qa5 15. Qf2 Rfd8 16. Bd2 Kg7 17. g4 cxd4 18. exd4 h5 19. Qe3 Rh8 20. gxf5 Qxf5 21. Bb1 Qa5 22. Rg1 Rce8 23. Qd3 Qa6 24. Qxa6 bxa6 25. Bd3 a5 26. Bf4 Rd8 27. Rac1 Rhe8 28. Bb5 Re7 29. Bg5 Nf8 30. d5 Bxc3 31. bxc3 Rxd5 32. c4 Rf5 33. Bd2 Rxf3 34. Bxa5 Ne6 35. Rge1 Ng4 36. Bd8 Rh3 37. Bxe7 Rxh2+ 38. Kg1 Nf4 39. Bc5 Rg2+ 40. Kh1 Rh2+ 1/2-1/2

[Event "otb"]
[Site "otb"]
[Date "2007.03.09"]
[Round "6"]
[White "Ivanisevic Ivan"]
[Black "Solak Dragan"]
[Result "1/2-1/2"]
[WhiteElo "2602"]
[BlackElo "2564"]
[PlyCount "114"]
[Source "www.chesslib.no"]
[SourceDate "2004.05.04"]

1. d4 d5 2. c4 c6 3. Nf3 Nf6 4. Nc3 dxc4 5. a4 Bf5 6. Nh4 Bg4 7. h3 Bh5 8. g4 Bg6 9. Nxg6 hxg6 10. e4 e5 11. Bxc4 exd4 12. e5 Bb4 13. exf6 dxc3 14. Qxd8+ Kxd8 15. O-O gxf6 16. Rd1+ Nd7 17. bxc3 Bc5 18. Bxf7 Ke7 19. Bxg6 Rxh3 20. Kg2 Rah8 21. Bf4 Ne5 22. Bf5 Rxc3 23. Re1 Bd4 24. Rad1 c5 25. Bg3 Kd6 26. g5 Rxg3+ 27. fxg3 fxg5 28. Rh1 Rf8 29. Rh6+ Kc7 30. Rh7+ Kd6 31. g4 Nc4 32. Re1 Ne3+ 33. Kh3 Nxf5 34. Rf1 c4 35. gxf5 Bf6 36. Rd1+ Kc6 37. Rdd7 Be5 38. Kg4 c3 39. Rde7 c2 40. Re6+ Kd5 41. Rd7+ Kc4 42. Rxe5 c1=Q 43. Rc7+ Kd4 44. Rxc1 Kxe5 45. Rc7 Kf6 46. Rh7 Rc8 47. Rh6+ Kf7 48. Kxg5 Rg8+ 49. Kf4 Rg1 50. Rh7+ Rg7 51. Rxg7+ Kxg7 52. Ke5 b6 53. Kd6 Kf6 54. Kc7 Kxf5 55. Kb7 Ke6 56. Kxa7 Kd7 57. Kxb6 Kc8 1/2-1/2

[Event "Aeroflot Open"]
[Site "Moscow"]
[Date "2003.02.19"]
[Round "9"]
[White "Moiseenko, Alexander"]
[Black "Bu Xiangzhi"]
[Result "1/2-1/2"]
[WhiteElo "2597"]
[BlackElo "2569"]
[PlyCount "39"]
[EventDate "2003.02.10"]
[Source "Roberto Alvarez"]
[SourceDate "2003.02.24"]

1. d4 d5 2. c4 c6 3. Nc3 Nf6 4. Nf3 dxc4 5. a4 Bf5 6. Nh4 e6 7. Nxf5 exf5 8. e3 Bb4 9. Bxc4 O-O 10. O-O Nbd7 11. Qc2 g6 12. f3 Rc8 13. Ba2 Nb6 14. Qf2 c5 15. Kh1 cxd4 16. exd4 Nfd5 17. Nxd5 Nxd5 18. Bh6 Re8 19. Rac1 Qd7 20. h3 1/2-1/2

[Event "XIII festival A"]
[Site "Zupanja CRO"]
[Date "2007.01.05"]
[Round "3.1"]
[White "Ivanisevic, Ivan"]
[Black "Sedlak, Nikola"]
[Result "1/2-1/2"]
[WhiteElo "2602"]
[BlackElo "2561"]
[PlyCount "56"]
[EventDate "2007.01.03"]
[Source "www.chesslib.no"]
[SourceDate "2004.05.04"]

1. d4 d5 2. c4 c6 3. Nf3 Nf6 4. Nc3 dxc4 5. a4 Bf5 6. Nh4 Bd7 7. e4 e6 8. g3 Bb4 9. Bg2 c5 10. d5 exd5 11. exd5 Qe7+ 12. Kf1 Bg4 13. Qc2 O-O 14. h3 Re8 15. Be3 Bh5 16. d6 Qd7 17. Nb5 Nc6 18. g4 Bg6 19. Nxg6 hxg6 20. Rd1 Rxe3 21. fxe3 Ne5 22. g5 Nh5 23. Rd5 Ng3+ 24. Kg1 Nc6 25. Qxc4 Nxh1 26. Kxh1 Re8 27. Qg4 Qxg4 28. hxg4 Rxe3 1/2-1/2

[Event "Aeroflot Open"]
[Site "Moscow"]
[Date "2003.02.13"]
[Round "3"]
[White "Moiseenko, Alexander"]
[Black "Gagunashvili, Merab"]
[Result "1-0"]
[WhiteElo "2597"]
[BlackElo "2563"]
[PlyCount "167"]
[EventDate "2003.02.10"]
[Source "Roberto Alvarez"]
[SourceDate "2003.02.24"]

1. d4 d5 2. c4 c6 3. Nc3 Nf6 4. Nf3 dxc4 5. a4 Bf5 6. Nh4 Be6 7. e4 g6 8. Be2 Bg7 9. O-O O-O 10. f4 Ne8 11. Be3 f5 12. Nf3 fxe4 13. Nxe4 Bd5 14. Neg5 Nd7 15. Ne5 Nd6 16. Qc2 Nf5 17. Bf2 b5 18. Bf3 Rf6 19. Bxd5+ cxd5 20. axb5 Nf8 21. b3 Nd6 22. bxc4 Rxf4 23. cxd5 Nxb5 24. Qb3 Nd6 25. Nc6 Qd7 26. Qe3 Rf6 27. Nxe7+ Kh8 28. Bg3 Nf5 29. Nxf5 Rxf5 30. Rxf5 gxf5 31. d6 Re8 32. Be5 Ng6 33. Bxg7+ Kxg7 34. Qa3 Kf6 35. Nf3 Re6 36. Qxa7 Qxa7 37. Rxa7 Rxd6 38. Rxh7 Ra6 39. Rb7 Nf4 40. g3 Ra1+ 41. Kf2 Ra2+ 42. Kf1 Ra1+ 43. Kf2 Ra2+ 44. Ke1 Nd3+ 45. Kd1 Nf2+ 46. Kc1 Nd3+ 47. Kb1 Rf2 48. Rb6+ Kg7 49. Nh4 f4 50. Rb3 Ne1 51. Rb2 Rf1 52. Ka2 Kf6 53. Kb3 f3 54. Kc3 f2 55. Rb5 Nf3 56. Rf5+ Ke6 57. Rxf3 Rc1+ 58. Kd3 f1=Q+ 59. Rxf1 Rxf1 60. Ke4 Rf2 61. Nf3 Re2+ 62. Kf4 Kd5 63. g4 Re4+ 64. Kf5 Re3 65. Ng5 Re2 66. h4 Rf2+ 67. Kg6 Rg2 68. Kh5 Kxd4 69. Nf7 Rf2 70. Kg6 Rf4 71. Nh6 Ke5 72. h5 Ke6 73. g5 Ke7 74. Kh7 Ra4 75. g6 Kf6 76. g7 Ra7 77. Ng4+ Kg5 78. h6 Kxg4 79. Kh8 Kg5 80. h7 Kf6 81. g8=Q Rf7 82. Qd8+ Kg6 83. Qd6+ Rf6 84. Qxf6+ 1-0

[Event "It (Men) Montreal CAN"]
[Site "?"]
[Date "2005.08.12"]
[Round "9"]
[White "Shipov Sergei"]
[Black "Huzman Alexander"]
[Result "1/2-1/2"]
[WhiteElo "2582"]
[BlackElo "2577"]
[PlyCount "122"]
[EventDate "2005.??.??"]
[Source "www.chesslib.no"]
[SourceDate "2004.05.04"]

1. d4 d5 2. c4 c6 3. Nc3 Nf6 4. Nf3 dxc4 5. a4 Bf5 6. Nh4 Bd7 7. e3 e6 8. Bxc4 c5 9. Nf3 Nc6 10. O-O Be7 11. Qe2 cxd4 12. exd4 Nb4 13. Ne5 O-O 14. Rd1 Bc6 15. a5 Rc8 16. a6 bxa6 17. Bxa6 Nxa6 18. Rxa6 Bb7 19. Rxa7 Qb6 20. Ra1 Rfd8 21. Be3 Qb3 22. Nd3 Nd5 23. Nc5 Bxc5 24. dxc5 Nxc3 25. bxc3 Qxc3 26. h3 Qe5 27. Qg4 h5 28. Qh4 Rxd1+ 29. Rxd1 Qe4 30. Qxe4 Bxe4 31. Rd7 h4 32. Rd4 f5 33. Rd7 e5 34. Re7 f4 35. Bxf4 exf4 36. Rxe4 Rxc5 37. Rxf4 Rh5 38. Rg4 Kf7 39. f4 Kf6 40. Kf2 g6 41. Ke3 Rh8 42. Rg5 Ra8 43. Rg4 Rh8 44. Ke4 Re8+ 45. Kf3 Rh8 46. Rg5 Ra8 47. Kg4 Ra4 48. Rd5 Ra2 49. Rd6+ Kf7 50. Kf3 Ra3+ 51. Ke2 Ra2+ 52. Rd2 Rxd2+ 53. Kxd2 Ke6 54. Ke2 Kf6 55. Kf3 Kf5 56. Ke3 Kf6 57. Kf2 Ke6 58. g4 hxg3+ 59. Kxg3 Kf5 60. h4 Ke6 61. Kg4 Kf6 1/2-1/2

[Event "Corr"]
[Site "?"]
[Date "1998.03.01"]
[Round "?"]
[White "Tanggaard Hans"]
[Black "Hector Jonny (SVE)"]
[Result "1/2-1/2"]
[WhiteElo "2597"]
[BlackElo "2559"]
[PlyCount "42"]
[EventDate "1998.??.??"]
[Source "www.chesslib.no"]
[SourceDate "2004.05.04"]

1. d4 d5 2. c4 c6 3. Nf3 Nf6 4. Nc3 dxc4 5. a4 Bf5 6. Nh4 e6 7. Nxf5 exf5 8. Bg5 Nbd7 9. e3 Qa5 10. Bxf6 Nxf6 11. Bxc4 Bd6 12. O-O O-O 13. Qc2 Rfe8 14. g3 g6 15. Rfd1 a6 16. Bf1 Re7 17. Bg2 Rae8 18. Rab1 h5 19. Bf3 Kg7 20. Qd2 Rd7 21. h4 Qc7 1/2-1/2

[Event "Moscow Aeroflot op"]
[Site "Moscow"]
[Date "2002.02.09"]
[Round "7"]
[White "Shipov, Sergei"]
[Black "Miton, Kamil"]
[Result "1-0"]
[WhiteElo "2630"]
[BlackElo "2521"]
[PlyCount "67"]
[EventDate "2002.02.04"]
[Source "ChessBase"]
[SourceDate "2002.03.21"]

1. d4 d5 2. c4 c6 3. Nf3 Nf6 4. Nc3 dxc4 5. a4 Bf5 6. Nh4 e6 7. Nxf5 exf5 8. e3 Bb4 9. Bxc4 O-O 10. O-O Nbd7 11. Qc2 g6 12. f3 a5 13. Kh1 Nh5 14. g4 Ng7 15. Qg2 c5 16. Nb5 Nb6 17. Bb3 Rc8 18. dxc5 Rxc5 19. Rd1 Qe7 20. gxf5 Rxf5 21. e4 Rh5 22. Bf4 Ne6 23. Bg3 Qg5 24. Bxe6 fxe6 25. b3 Qf6 26. f4 Rc5 27. Rac1 Nd7 28. Rb1 Qg7 29. Nd4 Re8 30. e5 Nf8 31. Qe4 Qd7 32. Nf3 Rd5 33. Rxd5 exd5 34. Qd3 1-0

[Event "Ordzhonikidze zt 1.9"]
[Site "Ordzhonikidze"]
[Date "2000.06.15"]
[Round "7"]
[White "Moiseenko, Alexander"]
[Black "Zontakh, Andrey"]
[Result "1/2-1/2"]
[WhiteElo "2573"]
[BlackElo "2576"]
[PlyCount "29"]
[EventDate "2000.06.09"]
[Source "ChessBase"]
[SourceDate "2000.10.18"]

1. d4 d5 2. c4 c6 3. Nf3 Nf6 4. Nc3 dxc4 5. a4 Bf5 6. Nh4 e6 7. Nxf5 exf5 8. Bg5 Nbd7 9. e3 Qa5 10. Bxf6 Nxf6 11. Bxc4 Bd6 12. O-O O-O 13. Rb1 Qc7 14. h3 Qe7 15. Qf3 1/2-1/2

[Event "TCh-RUS"]
[Site "Togliatti"]
[Date "2003.05.19"]
[Round "4"]
[White "Filippov, Valerij"]
[Black "Klimov, Sergey"]
[Result "1-0"]
[WhiteElo "2627"]
[BlackElo "2507"]
[PlyCount "89"]
[EventDate "2003.05.16"]
[Source "Roberto Alvarez"]
[SourceDate "2003.05.26"]

1. Nf3 d5 2. d4 Nf6 3. c4 c6 4. Nc3 dxc4 5. a4 Bf5 6. Nh4 Bc8 7. e3 e5 8. Bxc4 exd4 9. exd4 Be7 10. O-O O-O 11. Re1 Na6 12. Nf3 Nc7 13. Bf4 Bd6 14. Be5 Be6 15. Bxe6 Nxe6 16. Qb3 Rb8 17. Rad1 Re8 18. Bxf6 Qxf6 19. Ne4 Qe7 20. Neg5 Qf6 21. Nxe6 Rxe6 22. Rxe6 Qxe6 23. Qxe6 fxe6 24. Re1 b5 25. axb5 Rxb5 26. Rxe6 Rxb2 27. g3 Bf8 28. Rxc6 a5 29. Ra6 Rb5 30. h4 h6 31. Ne5 g5 32. hxg5 hxg5 33. Kg2 Rd5 34. Nc6 Rd6 35. Kf3 a4 36. Ke4 a3 37. d5 Rf6 38. f3 Rh6 39. Kf5 Rd6 40. Ke5 Rh6 41. Ra8 Kg7 42. Ra7+ Kg8 43. Ra8 Rh1 44. Kf6 Kh7 45. Rxf8 1-0

[Event "Novak Nikolic mem 2nd"]
[Site "Belgrade"]
[Date "2000.02.04"]
[Round "2"]
[White "Sherbakov, Ruslan"]
[Black "Zontakh, Andrey"]
[Result "1/2-1/2"]
[WhiteElo "2552"]
[BlackElo "2576"]
[PlyCount "75"]
[EventDate "2000.02.02"]
[Source "ChessBase"]
[SourceDate "2000.05.31"]

1. d4 d5 2. c4 c6 3. Nf3 Nf6 4. Nc3 dxc4 5. a4 Bf5 6. Nh4 e6 7. Nxf5 exf5 8. e3 Bb4 9. Bxc4 O-O 10. O-O Nbd7 11. Qc2 g6 12. f3 Rc8 13. Kh1 c5 14. d5 Nb6 15. Ba2 c4 16. e4 fxe4 17. Bg5 Bxc3 18. bxc3 e3 19. Bxe3 Nfxd5 20. Bh6 Re8 21. Rad1 a5 22. Rd4 Re5 23. Qd2 Qe7 24. Re4 f5 25. Bg5 Qe6 26. Rxe5 Qxe5 27. Re1 Qxc3 28. Qe2 Kg7 29. Rc1 Qd4 30. Rd1 Re8 31. Qf1 Qc5 32. Rc1 c3 33. Bh4 Nxa4 34. Bf2 Ne3 35. Qd3 Re7 36. Qd8 b5 37. Qg8+ Kh6 38. Qf8+ 1/2-1/2

[Event "RUS-Cup06"]
[Site "Nizhnij Novgorod"]
[Date "1998.07.06"]
[Round "8"]
[White "Ibragimov, Ildar"]
[Black "Lastin, Alexander"]
[Result "0-1"]
[WhiteElo "2590"]
[BlackElo "2535"]
[PlyCount "70"]
[EventDate "1998.06.29"]
[Source "www.chesslib.no"]
[SourceDate "2004.05.04"]

1. d4 d5 2. c4 c6 3. Nc3 Nf6 4. Nf3 dxc4 5. a4 Bf5 6. Nh4 Bc8 7. e3 e5 8. Bxc4 exd4 9. exd4 Qe7+ 10. Be2 Qc7 11. O-O Be7 12. Nf3 O-O 13. Bc4 Bg4 14. h3 Bxf3 15. Qxf3 Nbd7 16. a5 a6 17. Rd1 Rae8 18. Bb3 Bd6 19. Be3 Re7 20. g4 Bb4 21. g5 Ne8 22. Ne4 Bxa5 23. h4 Qb6 24. Ba2 Qxb2 25. h5 Kh8 26. Ng3 f5 27. Bf4 Bc7 28. Bxc7 Nxc7 29. Nxf5 Qb5 30. d5 Re5 31. Bb1 Nxd5 32. Qg4 Qc5 33. Ra2 Rexf5 34. Bxf5 Ne5 35. Qe4 Nc3 0-1

[Event "Zuerich"]
[Site "?"]
[Date "1994.??.??"]
[Round "?"]
[White "Rogers, I."]
[Black "Tukmakov, V."]
[Result "1/2-1/2"]
[WhiteElo "2560"]
[BlackElo "2565"]
[PlyCount "117"]
[EventDate "1994.??.??"]
[Source "ChessBase"]
[SourceDate "1994.10.01"]

1. d4 d5 2. c4 c6 3. Nf3 Nf6 4. Nc3 dxc4 5. a4 Bf5 6. Nh4 Bc8 7. e3 e5 8. Bxc4 exd4 9. exd4 Be7 10. O-O O-O 11. Re1 Na6 12. Nf3 Nc7 13. Bf4 Bd6 14. Be5 Be6 15. Bxe6 Nxe6 16. Qb3 Rb8 17. Rad1 Nc7 18. Ng5 Ncd5 19. Qc2 g6 20. Qb3 Re8 21. Nxd5 Nxd5 22. Qg3 Bxe5 23. dxe5 f6 24. exf6 Qxf6 25. h4 Qxb2 26. h5 gxh5 27. Ne6+ Kh8 28. Rd4 Qxd4 29. Nxd4 Rxe1+ 30. Kh2 Rf8 31. Nf3 Re7 32. Qh4 Rf5 33. Qd4+ Kg8 34. Qxa7 Nf6 35. Qb8+ Kf7 36. Qd6 Ng4+ 37. Kg3 Nf6 38. Kh2 Rd5 39. Qf4 Kg7 40. Kh3 Ng4 41. Nd4 Re4 42. Qc7+ Kf6 43. Nf3 Rxa4 44. Qxb7 Nxf2+ 45. Kg3 Ne4+ 46. Kh2 Rc4 47. Qxh7 Ke6 48. Qg6+ Ke7 49. Qg7+ Kd6 50. Qf8+ Kc7 51. Ne5 Rxe5 52. Qf7+ Kd6 53. Qxc4 c5 54. Qa6+ Kd5 55. Qd3+ Ke6 56. Qc4+ Kf5 57. Qd3 Ke6 58. Qc4+ Ke7 59. Qe2 1/2-1/2

[Event "Munchen"]
[Site "?"]
[Date "1992.??.??"]
[Round "?"]
[White "Christiansen, L."]
[Black "Hertneck, G."]
[Result "1-0"]
[WhiteElo "2595"]
[BlackElo "2530"]
[PlyCount "77"]
[EventDate "1992.??.??"]
[Source "ChessBase"]
[SourceDate "1992.02.01"]

1. d4 d5 2. c4 c6 3. Nf3 Nf6 4. Nc3 dxc4 5. a4 Bf5 6. Nh4 Bg6 7. Nxg6 hxg6 8. e3 e6 9. Bxc4 Bb4 10. O-O Nbd7 11. Qe2 Qa5 12. Na2 Qxa4 13. e4 Qa5 14. Nxb4 Qxb4 15. Rd1 Nxe4 16. Bxe6 fxe6 17. Qxe4 Kf7 18. Ra3 Nf6 19. Qf3 Rh5 20. Rb3 Qe7 21. Bf4 Rd5 22. Be5 Rh8 23. Re1 Kg8 24. Qg3 Kf7 25. Qf3 Kg8 26. h3 a6 27. Bxf6 gxf6 28. Qg4 Kf7 29. Rxe6 Qd7 30. Rbe3 Rd6 31. d5 Rxd5 32. Qe4 f5 33. Re7+ Kf6 34. Qb4 Rd1+ 35. Kh2 Qd4 36. R7e6+ Kg5 37. Qe7+ Kh5 38. g4+ fxg4 39. R3e5+ 1-0

[Event "Cappelle op"]
[Site "Cappelle la Grande"]
[Date "1999.??.??"]
[Round "9"]
[White "Tregubov, Pavel V"]
[Black "Agdestein, Simen"]
[Result "1/2-1/2"]
[WhiteElo "2570"]
[BlackElo "2550"]
[PlyCount "83"]
[EventDate "1999.02.??"]
[Source "www.chesslib.no"]
[SourceDate "2004.05.04"]

1. d4 d5 2. c4 c6 3. Nf3 Nf6 4. Nc3 dxc4 5. a4 Bf5 6. Nh4 Bc8 7. e3 e5 8. Bxc4 e4 9. Qb3 g5 10. Bxf7+ Ke7 11. f3 Qb6 12. Qc4 Ne8 13. Bxe8 Kxe8 14. fxe4 gxh4 15. O-O Qc7 16. e5 Qg7 17. Nd5 b6 18. Nf6+ Kd8 19. b4 Bb7 20. e4 Be7 21. Ra2 Nd7 22. Raf2 Qg6 23. Nxd7 Kxd7 24. d5 Raf8 25. d6 Rxf2 26. Rxf2 Rf8 27. dxe7 Rxf2 28. Qd4+ Kxe7 29. Qxf2 c5 30. bxc5 Bxe4 31. Be3 Ke6 32. cxb6 h3 33. g3 axb6 34. Bxb6 Bg2 35. Qf6+ Qxf6 36. exf6 Kxf6 37. Kf2 Ke6 38. a5 Kd7 39. a6 Kc8 40. g4 Kb8 41. Kg3 Ka8 42. Bd4 1/2-1/2

[Event "URS-FL56"]
[Site "Simferopol"]
[Date "1988.??.??"]
[Round "?"]
[White "Lerner, Konstantin Z"]
[Black "Tukmakov, Vladimir B"]
[Result "1/2-1/2"]
[WhiteElo "2530"]
[BlackElo "2590"]
[PlyCount "47"]
[EventDate "1988.11.??"]
[Source "ChessBase"]

1. d4 d5 2. c4 c6 3. Nf3 Nf6 4. Nc3 dxc4 5. a4 Bf5 6. Nh4 Bc8 7. e3 e5 8. Bxc4 exd4 9. exd4 Be7 10. O-O O-O 11. Re1 Na6 12. Qb3 Nc7 13. Nf3 Nfd5 14. Nxd5 Nxd5 15. Bxd5 cxd5 16. Bf4 a5 17. Rac1 Bb4 18. Bd2 Bxd2 19. Nxd2 Be6 20. Rc5 b6 21. Rc3 Qd6 22. Nf3 Rac8 23. Qc2 h6 24. Ree3 1/2-1/2

[Event "300 Years"]
[Site "St Petersburg"]
[Date "2003.10.22"]
[Round "5"]
[White "Bocharov, Dmitry"]
[Black "Yevseev, Denis"]
[Result "1-0"]
[WhiteElo "2527"]
[BlackElo "2592"]
[PlyCount "99"]
[EventDate "2003.10.18"]
[Source "Roberto Alvarez"]
[SourceDate "2003.10.27"]

1. d4 d5 2. c4 c6 3. Nf3 Nf6 4. Nc3 dxc4 5. a4 Bf5 6. Nh4 Bc8 7. e3 e5 8. Bxc4 exd4 9. exd4 Be7 10. O-O O-O 11. Re1 Na6 12. Nf3 Nc7 13. Qb3 Nfd5 14. Ne5 a5 15. Bd2 Bb4 16. Rad1 Be6 17. Nxd5 Nxd5 18. Bxb4 axb4 19. Nd3 b5 20. axb5 cxb5 21. Bxd5 Bxd5 22. Qxb4 Qg5 23. g3 Bf3 24. Rc1 Rad8 25. Ne5 Ba8 26. Rc5 Qh6 27. Rxb5 Qh3 28. f3 h5 29. Qc3 Rd6 30. Qc7 Rdd8 31. Qc3 Rd6 32. Qc7 Rdd8 33. Qc3 Rd6 34. Qc7 Rdd8 35. Rb3 Bd5 36. Rbe3 Rc8 37. Qd7 Be6 38. Qa4 Kh7 39. Qd1 Rfd8 40. Rc3 Rb8 41. Qc2+ Bf5 42. Qf2 Be6 43. Nc6 Bd5 44. Nxb8 Rxb8 45. Re5 Ra8 46. Rc1 Ra5 47. Qg2 Qd7 48. Qc2+ g6 49. Rxh5+ Kg7 50. Qd2 1-0

[Event "CZE-ch"]
[Site "Karlovy Vary"]
[Date "2004.02.27"]
[Round "11"]
[White "Babula, Vlastimil"]
[Black "Haba, Petr"]
[Result "1/2-1/2"]
[WhiteElo "2594"]
[BlackElo "2524"]
[PlyCount "29"]
[EventDate "2004.02.17"]
[Source "ChessBase"]
[SourceDate "2004.06.01"]

1. d4 d5 2. c4 c6 3. Nf3 Nf6 4. Nc3 dxc4 5. a4 Bf5 6. Nh4 e6 7. Nxf5 exf5 8. e3 Bb4 9. Bxc4 O-O 10. O-O Nbd7 11. Qc2 Nb6 12. Bb3 Qd7 13. Bd2 a5 14. Rad1 Rfe8 15. Kh1 1/2-1/2

[Event "ROM-chT"]
[Site "Sovata"]
[Date "1998.??.??"]
[Round "4"]
[White "Komarov, Dimitri"]
[Black "Horvath, Csaba"]
[Result "1-0"]
[WhiteElo "2580"]
[BlackElo "2535"]
[PlyCount "125"]
[EventDate "1998.??.??"]
[Source "www.chesslib.no"]
[SourceDate "2004.05.04"]

1. d4 d5 2. Nf3 Nf6 3. c4 c6 4. Nc3 dxc4 5. a4 Bf5 6. Nh4 Bg6 7. e3 e6 8. Bxc4 Bb4 9. O-O Nbd7 10. Be2 O-O 11. Nxg6 hxg6 12. Qc2 Rc8 13. Rd1 Qe7 14. a5 a6 15. Qb3 Nb8 16. Bd2 Rfd8 17. Be1 c5 18. dxc5 Rxd1 19. Bxd1 Nc6 20. Bf3 Bxc5 21. Na4 Bd6 22. Rc1 Rb8 23. Nb6 Na7 24. h3 Nd7 25. Nxd7 Qxd7 26. Qb6 Nb5 27. Be2 Qd8 28. Qxd8+ Rxd8 29. Bf3 Rb8 30. Kf1 g5 31. Ke2 Kf8 32. Kd1 Ke7 33. Kc2 b6 34. axb6 Rxb6 35. Ba5 Rb8 36. Kb1 Be5 37. Ka2 Na7 38. Bc3 Bxc3 39. Rxc3 Nb5 40. Rc6 a5 41. Ra6 Nd6 42. Rxa5 Nc4 43. Ra7+ Kf6 44. b3 Ne5 45. Be4 g4 46. Rc7 gxh3 47. gxh3 g5 48. Ka3 g4 49. hxg4 Nxg4 50. Rc2 Ke5 51. Bf3 f5 52. b4 Nf6 53. Ka4 Nd5 54. Bxd5 exd5 55. b5 f4 56. Ka5 Ra8+ 57. Kb6 fxe3 58. fxe3 Ra3 59. Kc6 Rxe3 60. Rc5 Rd3 61. b6 Ke4 62. b7 Rb3 63. Rb5 1-0

[Event "Schwarzach Open A, Salzburg AUT"]
[Site "?"]
[Date "2001.??.??"]
[Round "6"]
[White "Shchekachev, A."]
[Black "Hertneck, G."]
[Result "1/2-1/2"]
[WhiteElo "2545"]
[BlackElo "2570"]
[PlyCount "60"]
[EventDate "2001.??.??"]
[Source "www.chesslib.no"]
[SourceDate "2004.05.04"]

1. Nf3 d5 2. d4 Nf6 3. c4 c6 4. Nc3 dxc4 5. a4 Bf5 6. Nh4 e6 7. Nxf5 exf5 8. e3 Nbd7 9. Bxc4 Nb6 10. Bd3 g6 11. a5 Nbd5 12. O-O Bd6 13. h3 O-O 14. a6 b6 15. Qf3 Re8 16. Bd2 Rc8 17. Rfc1 Nxc3 18. Bxc3 Ne4 19. Rc2 Bf8 20. Bc4 b5 21. Ba5 Qf6 22. Ba2 c5 23. dxc5 Rxc5 24. Rxc5 Bxc5 25. Bc3 Nxc3 26. bxc3 b4 27. Qd5 Re5 28. Qc4 bxc3 29. Qxc3 f4 30. e4 Re6 1/2-1/2